000 00807nam a2200217Ii 4500
003 JO-AjNU
008 230605s9999||||xx |||||||||||||| ||und||
017 _a1977/4949
020 _a77-201-407-6
040 _aJO-AjNU
_bara
_erda
_cJO-AjNU
041 _aara
050 1 4 _aHM24 .R3 1977
100 3 _aتأليف رشوان، حسين عبدالحميد احمد,
_eauthor
_940418
245 0 0 _aميادين علم الاجتماع ومناهج البحث العلمي
264 3 1 _aالاسكندرية: الهيئة المصرية العامة للكتاب، 1977
300 _a211ص
_bيحتوي على ببلوغرافية من 203-211ص
336 _atext
_btxt
_2rdacontent
337 _aunmediated
_bn
_2rdamedia
338 _avolume
_bnc
_2rdacarrier
650 4 _aعلم الاجتماع
_940419
999 _aA17151
_c20719
_d20719